10 Largest Namibian Cities on a Map - Statistics

General Stats
  • This quiz has been taken 106 times
  • The average score is 4 of 10
Answers on the Map
Answers color-coded by a green-red scale on the quiz's map according to % correct below.
 
Answer Stats
City Population % Correct
Windhoek 325,858
98%
Walvis Bay 62,096
73%
Rundu 63,431
54%
Swakopmund 44,725
39%
Rehoboth 28,843
34%
Katima Mulilo 28,362
27%
Oshakati 36,541
24%
Otjiwarongo 28,249
22%
Okahandja 22,639
20%
Ondangwa 22,822
15%
No matching quizzes found
Score Distribution
Percent of People with Each Score
Percentile by Number Answered
Your Score History
You have not taken this quiz